000 00782nam a22002057a 4500
005 20120723141953.0
010 _aG-002054
020 _a9780465010219
_c1400.00
035 _aG-002054
037 _adpl
_bGift
082 _a303.48
100 _aTurkle, Sherry.
_950348
245 _aAlone Together;
_bwhy we expect more from technologu and less from each other/
_cby Sherry Turkle
260 _aNew York
_bBasic Books
_c2011
270 _a387 Park Avenue South,
_bNew York
_e10016
300 _a360 p.
_c22 cm.
942 _2ddc
_cEN
_h303.48
_mTUR
999 _c68624
_d68624